Elm angel /

Bibliographic Details
Main Author: Monro, Harold, 1879-1932 (Author)
Corporate Author: Curwen Press (Printer)
Other Authors: Ravilious, Eric William, 1903-1942 (Illustrator), Newbolt, Henry John, Sir, 1862-1938 (dedicatee (item))
Format: Book
Language:English
Published: London : Faber & Faber Limited, [1930]
Series:Ariel poems ; no. 26.
Subjects:

MARC

Tag First Indicator Second Indicator Subfields
LEADER 00000cam a2200000Ii 4500
001 in00003293921
005 20200218140224.0
008 760317s1930 enkf 000 p eng d
035 |a (OCoLC)ocn213832228 
040 |a CUT  |b eng  |e rda  |c CUT  |d OCLCG  |d OCLCO  |d OCLCQ  |d HUV  |d OCLCO  |d OCLCF  |d OCLCA  |d TXA 
035 |a (OCoLC)213832228 
050 4 |a PR6025.O35  |b E45 1930 
100 1 |a Monro, Harold,  |d 1879-1932,  |e author. 
245 1 0 |a Elm angel /  |c by Harold Monro ; wood-engravings by Eric Ravilious. 
264 1 |a London :  |b Faber & Faber Limited,  |c [1930] 
264 3 |a Plaistow :  |b Curwen Press 
300 |a 1 leaf, 1 unumbered leaf of plates :  |b illustration ;  |c 19 cm. 
336 |a text  |b txt  |2 rdacontent 
337 |a unmediated  |b n  |2 rdamedia 
338 |a volume  |b nc  |2 rdacarrier 
490 1 |a The Ariel poems,  |v no. 26 
500 |a Cover title. 
500 |a One of the Cushing Library/Lit./Mitchell copies was acquired by Cushing as part of the Dominic Hibberd Harold Monro Collection. 
500 |a Three copies were purchased for the Cushing Library/Lit./Mitchell Collection by The Cushing Library. 
500 |a One of the Cushing Library/Lit./Mitchell copies is inscribed by the author to Henry Newbolt; in portfolio "Henry Newbolt's copy"; book label of Stanley Scott. 
655 7 |a Poetry.  |2 lcgft 
700 1 |a Ravilious, Eric William,  |d 1903-1942,  |e illustrator. 
700 1 |a Newbolt, Henry John,  |c Sir,  |d 1862-1938,  |e dedicatee (item)  |5 TXA 
710 2 |a Curwen Press,  |e printer. 
830 0 |a Ariel poems ;  |v no. 26. 
948 |a cataloged  |b h  |c 2013/6/19  |d c  |e junters  |f 3:59:37 pm 
994 |a C0  |b TXA 
948 |a updated  |b h  |c 2020/2/18  |d c  |e nbehmer  |f 1:56:44 pm 
999 f f |s 51b03199-9f90-3247-bd25-d041b4a136f6  |i b2291b2a-dfaf-3b6a-b968-1b0a349ff3dd  |t 0 
952 f f |p noncirc  |a Texas A&M University  |b College Station  |c Cushing Memorial Library & Archives  |d Cushing: Literature/Mitchell (Does not check out)  |t 0  |e PR6025.O35 E45 1930  |h Library of Congress classification  |i unmediated -- volume 
952 f f |p noncirc  |a Texas A&M University  |b College Station  |c Cushing Memorial Library & Archives  |d Cushing: Literature/Mitchell (Does not check out)  |t 0  |e PR6025.O35 E45 1930  |h Library of Congress classification  |i unmediated -- volume 
952 f f |p noncirc  |a Texas A&M University  |b College Station  |c Cushing Memorial Library & Archives  |d Cushing: Literature/Mitchell (Does not check out)  |t 0  |e PR6025.O35 E45 1930  |h Library of Congress classification  |i unmediated -- volume 
952 f f |p noncirc  |a Texas A&M University  |b College Station  |c Cushing Memorial Library & Archives  |d Cushing: Literature/Mitchell (Does not check out)  |t 0  |e PR6025.O35 E45 1930  |f Vertical file  |h Library of Congress classification  |i unmediated -- volume 
998 f f |a PR6025.O35 E45 1930  |t 0  |l Cushing: Literature/Mitchell (Does not check out) 
998 f f |a PR6025.O35 E45 1930  |t 0  |l Cushing: Literature/Mitchell (Does not check out) 
998 f f |a PR6025.O35 E45 1930  |t 0  |l Cushing: Literature/Mitchell (Does not check out) 
998 f f |a PR6025.O35 E45 1930  |t 0  |l Cushing: Literature/Mitchell (Does not check out)